Príbeh o svetle

Podrobná bibliografia
Hlavný autor: Pauer, Marián (Autor)
Médium: Článok
Jazyk:slovenčina
Fyzický popis:Fotogr.
ISSN:0862-5999
Predmet:

MARC

LEADER 00000nab a2200000 a 4500
001 vtls000683722
003 SK-MaSNL
005 20260304091059.0
008 250425c1998 xo 0 slo
015 |a SNBRB1999/01-01971 
035 |a CLN000035889 
035 |a urn:nbn:sk:snk-abai5l 
035 |a (urnnbn)urn:nbn:sk:snk:ar-008oe4 
035 |a (uuid)09ea969f-47de-4004-80b5-861f5b8c3aa7 
040 |a SNKBUCL  |b slo  |c SNKBUCL  |e AACR2 
041 0 |a slo 
044 |a xo  |c SK 
080 |a 75.071.1  |2 1997 
080 |a 76.071.1  |2 1997 
080 |a 929 Weil, Shraga  |2 1997 
100 1 |a Pauer, Marián  |4 aut  |9 290055 
245 1 0 |a Príbeh o svetle  |c Marián Pauer 
300 |b Fotogr. 
600 1 7 |a Weil, Shraga,  |d 1918-2009  |2 snkbucl  |9 207640 
655 7 |a články z novín a časopisov  |2 snkbucl  |9 267496 
773 0 |t Literárny týždenník  |g Roč. 11, č. 49 (1998), s. 3  |x 0862-5999 
850 |a Slovenská národná knižnica 
852 |a Slovenská národná knižnica 
954 |a odborná, vedecká literatúra pôvodná (slovenská)  |2 lita 
958 |a article14 
958 |a IL 
958 |a SK 
958 |a BX 
958 |a OND 
958 |a EUIPO 
992 |a RBX 
999 |c 2814017  |d 2815947